| 000 | 00594nam a2200181Ia 4500 | ||
|---|---|---|---|
| 003 | GCL | ||
| 008 | 140319s9999 xx 000 0 ara d | ||
| 040 |
_aGCL / _cGCL |
||
| 082 | 0 | 4 |
_aم _b920.71 _bع م |
| 100 | 1 | _aعمر رضا كحالة | |
| 245 | 1 | 0 |
_aمعجم المؤلفين: تراجم مصنفى الكتب العربية / _cعمر رضا كحالة |
| 260 |
_aبيروت : _bلجنة الاعلام والدراسات المستقبلية ، _c1957 |
||
| 300 | _aمتعدد | ||
| 490 | _a | ||
| 650 | 0 | 4 | _aالتراجم |
| 650 | 0 | 4 | _aالرجال - تراجم |
| 942 |
_2ddc _cREF |
||
| 999 |
_c59472 _d59472 |
||